| 000 | 00456nab a2200145Ia 4500 | ||
|---|---|---|---|
| 003 | ES-SlBCS | ||
| 005 | 20210601125452.0 | ||
| 008 | 140529s1984-85 xxu||||| |||| 00| 0 eng d | ||
| 041 | _aeng | ||
| 100 | 1 |
_aLang, Helen S. _9154152 |
|
| 245 | 0 | 0 |
_aWhy Fire Goes Up: An Elementary Problem in Aristotle's Physics _c Helen S. Lang |
| 600 | 0 | 4 |
_aAristóteles-Fuego _9159011 |
| 773 | 0 |
_tReview of Methaphysics _gvol. 38, 1984-85, págs. 69-106 _wRev843 |
|
| 942 | _cAR | ||
| 999 |
_c530838 _d530838 |
||